Games of strategy Ed 3 (Record no. 142608)

MARC details
000 -LEADER
fixed length control field 00563nam a2200229Ia 4500
003 - CONTROL NUMBER IDENTIFIER
control field OSt
005 - DATE AND TIME OF LATEST TRANSACTION
control field 20250828163506.0
008 - FIXED-LENGTH DATA ELEMENTS--GENERAL INFORMATION
fixed length control field 210210b2010 xxu||||| |||| 00| 0 eng d
020 ## - INTERNATIONAL STANDARD BOOK NUMBER
International Standard Book Number 9788130915456
040 ## - CATALOGING SOURCE
Transcribing agency AL
041 ## - LANGUAGE CODE
Language code of text/sound track or separate title eng
082 ## - DEWEY DECIMAL CLASSIFICATION NUMBER
Classification number 658.4012 DIXG
100 ## - MAIN ENTRY--PERSONAL NAME
Personal name Avinash Dixit
9 (RLIN) 237376
245 ## - TITLE STATEMENT
Title Games of strategy Ed 3
250 ## - EDITION STATEMENT
Edition statement 3
260 ## - PUBLICATION, DISTRIBUTION, ETC.
Place of publication, distribution, etc. New Delhi
Name of publisher, distributor, etc. Viva Books Private Limited
Date of publication, distribution, etc. 2010
300 ## - PHYSICAL DESCRIPTION
Extent xxii,794p
690 ## - LOCAL SUBJECT ADDED ENTRY--TOPICAL TERM (OCLC, RLIN)
Topical term or geographic name as entry element Strategic Management
9 (RLIN) 237386
700 ## - ADDED ENTRY--PERSONAL NAME
Personal name Susan Skeath
9 (RLIN) 237387
906 ## - LOCAL DATA ELEMENT F, LDF (RLIN)
a 065277
942 ## - ADDED ENTRY ELEMENTS (KOHA)
Source of classification or shelving scheme Dewey Decimal Classification
Koha item type Book
Holdings
Withdrawn status Lost status Source of classification or shelving scheme Damaged status Not for loan Collection code Home library Current library Date acquired Source of acquisition Cost, normal purchase price Total Checkouts Full call number Barcode Date last seen Price effective from Koha item type
    Dewey Decimal Classification     Commerce St Aloysius Library St Aloysius Library 02/17/2021 Intact Bookhouse Pvt Ltd 595.00   658.4012 DIXG 065277 02/17/2021 02/17/2021 Book